Fantasy Football Leaders - Sudden Death - Statistics

General Stats
  • This quiz has been taken 385 times
  • The average score is 3 of 22
Answers on the Grid
Answers color-coded by a green-red scale on the quiz's grid according to % correct below.
Lamar Jackson
CeeDee Lamb
Patrick Mahomes
Cooper Kupp
Josh Allen
Christian McCaffrey
Todd Gurley II
David Johnson
Cam Newton
Antonio Brown
Peyton Manning
Adrian Peterson
Aaron Rodgers
Arian Foster
Chris Johnson
Andre Johnson
Tom Brady
LaDainan Tomlinson
Shaun Alexander
Daunte Culpepper
Priest Holmes
Marshall Faulk
Drew Brees
Frank Gore
Larry Fitzgerald
Marvin Harrison
Terrell Owens
Chad Johnson
Anquan Boldin
Reggie Wayne
Calvin Johnson
Philip Rivers
Brett Favre
Michael Vick
Dez Bryant
Le'Veon Bell
Julio Jones
DeAndre Hopkins
Ezekiel Elliott
Saquon Barkley
Derrick Henry
Davante Adams
Justin Jefferson
Tyreek Hill
 
Answer Stats
Answer % Correct
Cooper Kupp
32%
Lamar Jackson
32%
Christian McCaffrey
29%
LaDainan Tomlinson
28%
Tom Brady
25%
Josh Allen
23%
Patrick Mahomes
22%
Peyton Manning
20%
Todd Gurley II
17%
Adrian Peterson
15%
Cam Newton
15%
Antonio Brown
14%
Aaron Rodgers
12%
CeeDee Lamb
10%
Priest Holmes
9%
David Johnson
8%
Shaun Alexander
8%
Chris Johnson
6%
Arian Foster
5%
Marshall Faulk
5%
Andre Johnson
1%
Daunte Culpepper
1%
No matching quizzes found
Score Distribution
Percent of People with Each Score
Percentile by Number Answered
Your Score History
You have not taken this quiz